Kraje z największym wskaźnikiem przyrostu populacji 1/2 - Statystyki

Ogólne statystyki
  • Ten quiz został rozwiązany 32 razy
  • Średni wynik to 16 z 25
Statystyki odpowiedzi
Kontynent Wskaźnik Kraj % Poprawnych
Afryka 3,16 Niger
93%
Afryka 2,54 Nigeria
86%
Afryka 3,23 Czad
83%
Afryka 2,83 Etiopia
79%
Afryka 2,93 Sudan
79%
Afryka 2,74 Tanzania
76%
Afryka 2,46 Madagaskar
69%
Afryka 2,98 Mali
69%
Afryka 3,49 Angola
66%
Afryka 2,73 Gabon
66%
Azja 2,50 Irak
66%
Afryka 2,75 Gwinea
62%
Afryka 2,46 Mozambik
62%
Azja 7,37 Syria
62%
Afryka 2,91 Zambia
62%
Afryka 3,18 Uganda
59%
Afryka 2,41 Gwinea Równikowa
55%
Afryka 2,54 Kamerun
55%
Afryka 2,61 Togo
55%
Afryka 2,68 Benin
52%
Afryka 2,59 Liberia
52%
Afryka 2,76 Burkina Faso
45%
Afryka 3,23 Burundi
41%
Afryka 2,48 Gwinea Bissau
41%
Afryka 3,31 Malawi
38%
Nie znaleziono quizów pasujących do podanych kryteriów
Rozkład punktacji
Procent ludzi z każdym wynikiem
Percentyl według liczby udzielonych odpowiedzi
Twoja historia wyników
Nie rozwiązałeś tego quizu